00753nam a2200241Ia 4500003000400000005001700004008004100021020002200062040000700084041000800091082001600099100003500115245002000150260004700170300001500217365001400232650003500246650002800281906002200309942001200331999001900343952014900362OSt20230511140143.0210423s2012 xx 000 0 und d a978-93-80748-25-2 cAL aeng a363.73 SHUG aSHUKLA (Satya Prakash)9103019 aGreen chemistry aNew DelhibMohit Books Internationalc2012 av,304pbHB b2500cINR aEnvironmental Problems9103020 aSocial Problems9103021 achemistry ; Green 2ddccBK c165987d165987 001040708ACaSACPGbSACPGd2014-11-03esuper book services, Bangaloreg2500.00l0o363.73 SHUGpPG012486r2022-08-24 00:00:00w2021-04-26yBK